Nopeaa matikkaa - yhteenlaskut - Statistics

Yleistilastot
  • Tätä visaa on pelattu 3 127 kertaa
  • Keskiarvotulos 17 / 20
Vastaustilastot
Lasku Ratkaisu % Oikein
13 + 87 100
100%
15 + 85 100
100%
5 + 96 101
100%
16 + 85 101
100%
24 + 77 101
100%
5 + 97 102
100%
1 + 102 103
100%
7 + 96 103
100%
20 + 83 103
100%
3 + 101 104
100%
2 + 105 107
100%
9 + 98 107
100%
11 + 96 107
100%
23 + 84 107
100%
35 + 72 107
100%
6 + 102 108
100%
20 + 88 108
100%
28 + 80 108
100%
53 + 55 108
100%
5 + 104 109
100%
31 + 78 109
100%
39 + 70 109
100%
3 + 8 11
100%
5 + 105 110
100%
22 + 88 110
100%
41 + 69 110
100%
7 + 104 111
100%
28 + 84 112
100%
3 + 110 113
100%
7 + 106 113
100%
53 + 60 113
100%
4 + 110 114
100%
6 + 108 114
100%
2 + 113 115
100%
12 + 103 115
100%
13 + 103 116
100%
4 + 113 117
100%
7 + 110 117
100%
2 + 116 118
100%
10 + 108 118
100%
14 + 105 119
100%
41 + 78 119
100%
1 + 120 121
100%
2 + 119 121
100%
6 + 115 121
100%
8 + 113 121
100%
31 + 90 121
100%
2 + 120 122
100%
3 + 119 122
100%
19 + 103 122
100%
25 + 97 122
100%
54 + 68 122
100%
3 + 120 123
100%
4 + 120 124
100%
9 + 115 124
100%
12 + 112 124
100%
19 + 105 124
100%
20 + 104 124
100%
22 + 102 124
100%
2 + 124 126
100%
3 + 123 126
100%
35 + 91 126
100%
6 + 121 127
100%
7 + 120 127
100%
13 + 115 128
100%
1 + 128 129
100%
7 + 122 129
100%
23 + 106 129
100%
29 + 100 129
100%
1 + 129 130
100%
28 + 102 130
100%
36 + 94 130
100%
2 + 129 131
100%
3 + 128 131
100%
4 + 127 131
100%
8 + 123 131
100%
24 + 107 131
100%
2 + 130 132
100%
21 + 111 132
100%
49 + 83 132
100%
27 + 108 135
100%
43 + 92 135
100%
5 + 131 136
100%
8 + 128 136
100%
14 + 122 136
100%
4 + 133 137
100%
22 + 115 137
100%
26 + 111 137
100%
32 + 105 137
100%
5 + 133 138
100%
7 + 131 138
100%
40 + 98 138
100%
8 + 131 139
100%
11 + 128 139
100%
19 + 120 139
100%
61 + 78 139
100%
1 + 13 14
100%
3 + 11 14
100%
18 + 122 140
100%
46 + 95 141
100%
31 + 111 142
100%
5 + 138 143
100%
2 + 142 144
100%
3 + 141 144
100%
13 + 132 145
100%
33 + 112 145
100%
41 + 104 145
100%
1 + 145 146
100%
8 + 138 146
100%
14 + 133 147
100%
49 + 99 148
100%
5 + 144 149
100%
7 + 142 149
100%
8 + 141 149
100%
11 + 138 149
100%
9 + 141 150
100%
15 + 135 150
100%
20 + 130 150
100%
4 + 148 152
100%
10 + 142 152
100%
11 + 141 152
100%
44 + 108 152
100%
36 + 117 153
100%
38 + 115 153
100%
8 + 146 154
100%
21 + 133 154
100%
31 + 123 154
100%
9 + 146 155
100%
29 + 126 155
100%
30 + 125 155
100%
41 + 114 155
100%
48 + 107 155
100%
5 + 151 156
100%
50 + 106 156
100%
13 + 144 157
100%
14 + 143 157
100%
23 + 134 157
100%
6 + 152 158
100%
11 + 147 158
100%
40 + 118 158
100%
3 + 156 159
100%
4 + 155 159
100%
7 + 152 159
100%
26 + 133 159
100%
2 + 14 16
100%
2 + 158 160
100%
3 + 157 160
100%
24 + 136 160
100%
44 + 116 160
100%
2 + 159 161
100%
18 + 143 161
100%
14 + 148 162
100%
65 + 97 162
100%
7 + 156 163
100%
63 + 100 163
100%
35 + 129 164
100%
55 + 109 164
100%
9 + 157 166
100%
16 + 150 166
100%
28 + 138 166
100%
19 + 148 167
100%
53 + 114 167
100%
6 + 162 168
100%
10 + 160 170
100%
33 + 137 170
100%
3 + 168 171
100%
5 + 166 171
100%
6 + 165 171
100%
22 + 149 171
100%
1 + 171 172
100%
7 + 165 172
100%
9 + 164 173
100%
21 + 152 173
100%
59 + 114 173
100%
72 + 101 173
100%
66 + 108 174
100%
12 + 163 175
100%
15 + 160 175
100%
3 + 173 176
100%
7 + 169 176
100%
8 + 168 176
100%
3 + 174 177
100%
20 + 157 177
100%
70 + 107 177
100%
2 + 176 178
100%
6 + 172 178
100%
20 + 158 178
100%
35 + 143 178
100%
4 + 175 179
100%
43 + 136 179
100%
72 + 108 180
100%
34 + 147 181
100%
1 + 181 182
100%
6 + 177 183
100%
27 + 156 183
100%
33 + 150 183
100%
54 + 129 183
100%
8 + 176 184
100%
19 + 165 184
100%
3 + 183 186
100%
4 + 182 186
100%
5 + 181 186
100%
77 + 110 187
100%
3 + 185 188
100%
6 + 182 188
100%
18 + 170 188
100%
5 + 184 189
100%
12 + 177 189
100%
16 + 173 189
100%
31 + 158 189
100%
1 + 189 190
100%
32 + 158 190
100%
9 + 182 191
100%
17 + 174 191
100%
10 + 183 193
100%
28 + 165 193
100%
72 + 121 193
100%
8 + 186 194
100%
5 + 190 195
100%
1 + 195 196
100%
17 + 179 196
100%
37 + 159 196
100%
23 + 174 197
100%
11 + 187 198
100%
3 + 196 199
100%
83 + 116 199
100%
6 + 14 20
100%
28 + 172 200
100%
46 + 154 200
100%
1 + 200 201
100%
15 + 186 201
100%
71 + 130 201
100%
5 + 198 203
100%
6 + 197 203
100%
8 + 195 203
100%
2 + 203 205
100%
3 + 202 205
100%
27 + 178 205
100%
68 + 137 205
100%
4 + 202 206
100%
2 + 205 207
100%
12 + 195 207
100%
29 + 178 207
100%
30 + 177 207
100%
2 + 206 208
100%
6 + 202 208
100%
77 + 131 208
100%
2 + 207 209
100%
9 + 200 209
100%
18 + 191 209
100%
52 + 157 209
100%
4 + 17 21
100%
1 + 209 210
100%
3 + 207 210
100%
6 + 205 211
100%
10 + 201 211
100%
50 + 162 212
100%
81 + 131 212
100%
2 + 211 213
100%
74 + 140 214
100%
20 + 195 215
100%
14 + 202 216
100%
16 + 201 217
100%
50 + 167 217
100%
2 + 216 218
100%
5 + 213 218
100%
39 + 179 218
100%
48 + 170 218
100%
1 + 218 219
100%
23 + 196 219
100%
58 + 161 219
100%
2 + 20 22
100%
4 + 18 22
100%
5 + 17 22
100%
9 + 13 22
100%
11 + 11 22
100%
13 + 207 220
100%
34 + 187 221
100%
8 + 214 222
100%
9 + 213 222
100%
41 + 181 222
100%
81 + 141 222
100%
2 + 221 223
100%
6 + 219 225
100%
25 + 200 225
100%
17 + 210 227
100%
20 + 207 227
100%
2 + 226 228
100%
3 + 225 228
100%
4 + 224 228
100%
5 + 223 228
100%
50 + 178 228
100%
15 + 214 229
100%
19 + 210 229
100%
21 + 208 229
100%
3 + 20 23
100%
6 + 17 23
100%
8 + 222 230
100%
11 + 219 230
100%
18 + 212 230
100%
16 + 215 231
100%
14 + 218 232
100%
29 + 203 232
100%
3 + 230 233
100%
9 + 224 233
100%
31 + 203 234
100%
32 + 202 234
100%
54 + 180 234
100%
6 + 229 235
100%
22 + 213 235
100%
28 + 207 235
100%
40 + 195 235
100%
41 + 194 235
100%
111 + 124 235
100%
12 + 224 236
100%
5 + 232 237
100%
6 + 231 237
100%
107 + 130 237
100%
2 + 236 238
100%
4 + 234 238
100%
7 + 231 238
100%
8 + 230 238
100%
70 + 168 238
100%
75 + 164 239
100%
7 + 17 24
100%
3 + 237 240
100%
24 + 217 241
100%
32 + 209 241
100%
59 + 182 241
100%
109 + 132 241
100%
2 + 240 242
100%
13 + 229 242
100%
101 + 141 242
100%
5 + 238 243
100%
7 + 236 243
100%
8 + 235 243
100%
38 + 205 243
100%
13 + 232 245
100%
25 + 220 245
100%
106 + 139 245
100%
7 + 239 246
100%
17 + 229 246
100%
39 + 208 247
100%
2 + 246 248
100%
3 + 245 248
100%
4 + 244 248
100%
5 + 243 248
100%
26 + 222 248
100%
45 + 203 248
100%
15 + 234 249
100%
33 + 217 250
100%
112 + 138 250
100%
8 + 243 251
100%
9 + 242 251
100%
35 + 217 252
100%
2 + 251 253
100%
7 + 247 254
100%
1 + 254 255
100%
18 + 237 255
100%
100 + 155 255
100%
4 + 252 256
100%
6 + 250 256
100%
33 + 223 256
100%
36 + 220 256
100%
40 + 216 256
100%
3 + 254 257
100%
50 + 207 257
100%
3 + 255 258
100%
25 + 233 258
100%
4 + 255 259
100%
42 + 217 259
100%
66 + 193 259
100%
2 + 24 26
100%
8 + 18 26
100%
79 + 181 260
100%
4 + 257 261
100%
6 + 255 261
100%
9 + 252 261
100%
45 + 216 261
100%
35 + 227 262
100%
6 + 257 263
100%
11 + 252 263
100%
1 + 263 264
100%
2 + 262 264
100%
8 + 256 264
100%
10 + 254 264
100%
22 + 243 265
100%
13 + 253 266
100%
2 + 265 267
100%
36 + 231 267
100%
15 + 253 268
100%
6 + 263 269
100%
12 + 257 269
100%
24 + 245 269
100%
95 + 174 269
100%
5 + 22 27
100%
3 + 267 270
100%
24 + 246 270
100%
60 + 210 270
100%
44 + 227 271
100%
9 + 263 272
100%
34 + 238 272
100%
6 + 267 273
100%
21 + 252 273
100%
31 + 242 273
100%
2 + 272 274
100%
8 + 266 274
100%
28 + 246 274
100%
30 + 244 274
100%
33 + 242 275
100%
3 + 273 276
100%
7 + 269 276
100%
6 + 271 277
100%
27 + 250 277
100%
68 + 209 277
100%
49 + 229 278
100%
56 + 222 278
100%
71 + 207 278
100%
5 + 23 28
100%
3 + 277 280
100%
5 + 275 280
100%
29 + 251 280
100%
97 + 183 280
100%
19 + 262 281
100%
5 + 277 282
100%
15 + 267 282
100%
16 + 266 282
100%
99 + 183 282
100%
8 + 275 283
100%
40 + 243 283
100%
121 + 162 283
100%
3 + 281 284
100%
9 + 275 284
100%
41 + 243 284
100%
82 + 202 284
100%
114 + 170 284
100%
7 + 278 285
100%
78 + 208 286
100%
1 + 286 287
100%
3 + 285 288
100%
7 + 281 288
100%
34 + 254 288
100%
60 + 228 288
100%
4 + 285 289
100%
6 + 283 289
100%
1 + 28 29
100%
11 + 18 29
100%
18 + 273 291
100%
4 + 288 292
100%
40 + 252 292
100%
53 + 239 292
100%
111 + 181 292
100%
5 + 288 293
100%
10 + 283 293
100%
110 + 183 293
100%
142 + 151 293
100%
7 + 287 294
100%
8 + 287 295
100%
13 + 282 295
100%
108 + 187 295
100%
60 + 236 296
100%
78 + 218 296
100%
57 + 240 297
100%
92 + 205 297
100%
6 + 292 298
100%
43 + 255 298
100%
98 + 200 298
100%
2 + 297 299
100%
8 + 22 30
100%
1 + 299 300
100%
4 + 296 300
100%
7 + 293 300
100%
9 + 291 300
100%
17 + 283 300
100%
22 + 278 300
100%
35 + 265 300
100%
52 + 248 300
100%
4 + 297 301
100%
9 + 292 301
100%
12 + 290 302
100%
3 + 300 303
100%
5 + 298 303
100%
1 + 303 304
100%
2 + 302 304
100%
128 + 176 304
100%
15 + 290 305
100%
25 + 280 305
100%
2 + 304 306
100%
6 + 300 306
100%
9 + 297 306
100%
19 + 287 306
100%
32 + 274 306
100%
93 + 213 306
100%
14 + 293 307
100%
103 + 204 307
100%
126 + 182 308
100%
7 + 302 309
100%
12 + 297 309
100%
3 + 28 31
100%
4 + 27 31
100%
6 + 25 31
100%
1 + 309 310
100%
7 + 303 310
100%
13 + 297 310
100%
30 + 280 310
100%
42 + 268 310
100%
57 + 253 310
100%
94 + 216 310
100%
3 + 308 311
100%
5 + 306 311
100%
3 + 309 312
100%
4 + 308 312
100%
23 + 289 312
100%
121 + 191 312
100%
5 + 308 313
100%
2 + 312 314
100%
6 + 308 314
100%
7 + 307 314
100%
8 + 306 314
100%
9 + 305 314
100%
22 + 292 314
100%
4 + 311 315
100%
11 + 304 315
100%
13 + 302 315
100%
1 + 315 316
100%
6 + 311 317
100%
9 + 308 317
100%
23 + 294 317
100%
27 + 290 317
100%
151 + 167 318
100%
3 + 316 319
100%
13 + 19 32
100%
11 + 309 320
100%
87 + 233 320
100%
44 + 277 321
100%
120 + 201 321
100%
1 + 321 322
100%
5 + 317 322
100%
27 + 295 322
100%
6 + 317 323
100%
124 + 199 323
100%
3 + 321 324
100%
19 + 305 324
100%
103 + 221 324
100%
1 + 324 325
100%
32 + 293 325
100%
44 + 281 325
100%
6 + 321 327
100%
12 + 317 329
100%
13 + 316 329
100%
65 + 264 329
100%
2 + 31 33
100%
16 + 314 330
100%
28 + 302 330
100%
140 + 190 330
100%
2 + 329 331
100%
99 + 232 331
100%
8 + 324 332
100%
17 + 315 332
100%
143 + 189 332
100%
23 + 310 333
100%
36 + 297 333
100%
1 + 333 334
100%
3 + 331 334
100%
6 + 329 335
100%
26 + 309 335
100%
13 + 323 336
100%
21 + 315 336
100%
22 + 314 336
100%
137 + 199 336
100%
15 + 322 337
100%
1 + 337 338
100%
4 + 335 339
100%
9 + 330 339
100%
134 + 205 339
100%
5 + 29 34
100%
2 + 338 340
100%
111 + 229 340
100%
149 + 191 340
100%
3 + 338 341
100%
1 + 342 343
100%
17 + 326 343
100%
30 + 314 344
100%
145 + 199 344
100%
4 + 341 345
100%
6 + 339 345
100%
133 + 212 345
100%
6 + 340 346
100%
9 + 337 346
100%
18 + 328 346
100%
19 + 327 346
100%
86 + 260 346
100%
3 + 345 348
100%
6 + 342 348
100%
1 + 348 349
100%
4 + 31 35
100%
7 + 28 35
100%
9 + 26 35
100%
10 + 25 35
100%
19 + 331 350
100%
1 + 351 352
100%
39 + 313 352
100%
8 + 345 353
100%
13 + 340 353
100%
27 + 327 354
100%
64 + 290 354
100%
9 + 346 355
100%
2 + 354 356
100%
10 + 346 356
100%
11 + 345 356
100%
24 + 332 356
100%
3 + 354 357
100%
16 + 341 357
100%
33 + 324 357
100%
18 + 340 358
100%
21 + 337 358
100%
107 + 251 358
100%
12 + 347 359
100%
14 + 345 359
100%
39 + 320 359
100%
65 + 295 360
100%
106 + 254 360
100%
148 + 212 360
100%
1 + 360 361
100%
4 + 358 362
100%
10 + 352 362
100%
17 + 345 362
100%
21 + 341 362
100%
60 + 302 362
100%
132 + 230 362
100%
23 + 340 363
100%
2 + 362 364
100%
40 + 325 365
100%
55 + 310 365
100%
58 + 307 365
100%
70 + 295 365
100%
71 + 294 365
100%
6 + 360 366
100%
12 + 354 366
100%
38 + 328 366
100%
3 + 364 367
100%
5 + 362 367
100%
37 + 330 367
100%
41 + 326 367
100%
2 + 366 368
100%
25 + 343 368
100%
6 + 363 369
100%
35 + 334 369
100%
49 + 320 369
100%
1 + 36 37
100%
2 + 35 37
100%
8 + 29 37
100%
9 + 361 370
100%
47 + 323 370
100%
61 + 309 370
100%
5 + 366 371
100%
19 + 352 371
100%
30 + 341 371
100%
53 + 318 371
100%
11 + 361 372
100%
7 + 366 373
100%
24 + 350 374
100%
4 + 371 375
100%
104 + 271 375
100%
6 + 370 376
100%
23 + 353 376
100%
26 + 350 376
100%
42 + 334 376
100%
2 + 375 377
100%
7 + 370 377
100%
32 + 345 377
100%
174 + 203 377
100%
2 + 376 378
100%
8 + 370 378
100%
11 + 367 378
100%
14 + 364 378
100%
17 + 361 378
100%
52 + 326 378
100%
10 + 369 379
100%
15 + 364 379
100%
35 + 344 379
100%
77 + 302 379
100%
173 + 206 379
100%
28 + 352 380
100%
5 + 377 382
100%
39 + 343 382
100%
76 + 306 382
100%
22 + 361 383
100%
36 + 347 383
100%
60 + 324 384
100%
9 + 376 385
100%
113 + 272 385
100%
16 + 370 386
100%
140 + 246 386
100%
2 + 385 387
100%
5 + 382 387
100%
8 + 379 387
100%
3 + 385 388
100%
6 + 382 388
100%
7 + 381 388
100%
9 + 379 388
100%
14 + 374 388
100%
20 + 368 388
100%
50 + 338 388
100%
1 + 388 389
100%
8 + 381 389
100%
17 + 372 389
100%
67 + 322 389
100%
4 + 386 390
100%
23 + 367 390
100%
74 + 316 390
100%
3 + 388 391
100%
4 + 387 391
100%
34 + 357 391
100%
130 + 262 392
100%
141 + 251 392
100%
5 + 388 393
100%
25 + 368 393
100%
62 + 331 393
100%
7 + 387 394
100%
11 + 383 394
100%
37 + 357 394
100%
17 + 378 395
100%
92 + 303 395
100%
185 + 210 395
100%
2 + 394 396
100%
9 + 388 397
100%
25 + 372 397
100%
63 + 334 397
100%
107 + 290 397
100%
1 + 397 398
100%
8 + 390 398
100%
15 + 383 398
100%
47 + 351 398
100%
41 + 358 399
100%
2 + 2 4
100%
3 + 37 40
100%
5 + 35 40
100%
7 + 33 40
100%
10 + 30 40
100%
13 + 388 401
100%
18 + 383 401
100%
19 + 382 401
100%
32 + 369 401
100%
9 + 393 402
100%
6 + 397 403
100%
18 + 385 403
100%
28 + 375 403
100%
2 + 402 404
100%
23 + 382 405
100%
153 + 252 405
100%
5 + 401 406
100%
13 + 393 406
100%
152 + 254 406
100%
3 + 404 407
100%
4 + 403 407
100%
11 + 396 407
100%
35 + 372 407
100%
94 + 313 407
100%
120 + 287 407
100%
1 + 407 408
100%
8 + 400 408
100%
33 + 376 409
100%
6 + 35 41
100%
1 + 409 410
100%
3 + 407 410
100%
17 + 393 410
100%
75 + 335 410
100%
16 + 395 411
100%
134 + 277 411
100%
6 + 406 412
100%
7 + 405 412
100%
2 + 412 414
100%
5 + 409 414
100%
8 + 406 414
100%
1 + 415 416
100%
13 + 403 416
100%
147 + 269 416
100%
4 + 413 417
100%
15 + 402 417
100%
14 + 404 418
100%
16 + 402 418
100%
18 + 400 418
100%
2 + 417 419
100%
7 + 412 419
100%
9 + 410 419
100%
5 + 37 42
100%
2 + 418 420
100%
6 + 414 420
100%
8 + 412 420
100%
15 + 405 420
100%
30 + 390 420
100%
2 + 419 421
100%
19 + 402 421
100%
20 + 401 421
100%
5 + 418 423
100%
122 + 301 423
100%
1 + 424 425
100%
9 + 416 425
100%
12 + 413 425
100%
24 + 401 425
100%
18 + 408 426
100%
24 + 402 426
100%
3 + 424 427
100%
4 + 423 427
100%
16 + 411 427
100%
23 + 404 427
100%
28 + 399 427
100%
38 + 389 427
100%
45 + 383 428
100%
1 + 428 429
100%
6 + 423 429
100%
29 + 400 429
100%
38 + 391 429
100%
2 + 41 43
100%
4 + 39 43
100%
12 + 31 43
100%
19 + 24 43
100%
134 + 296 430
100%
2 + 429 431
100%
13 + 418 431
100%
43 + 388 431
100%
9 + 424 433
100%
19 + 414 433
100%
8 + 426 434
100%
4 + 431 435
100%
40 + 395 435
100%
21 + 415 436
100%
3 + 434 437
100%
15 + 423 438
100%
205 + 233 438
100%
5 + 434 439
100%
11 + 428 439
100%
3 + 41 44
100%
31 + 409 440
100%
153 + 287 440
100%
20 + 421 441
100%
40 + 401 441
100%
106 + 335 441
100%
12 + 431 443
100%
100 + 344 444
100%
9 + 436 445
100%
75 + 370 445
100%
5 + 441 446
100%
7 + 439 446
100%
1 + 446 447
100%
3 + 444 447
100%
7 + 440 447
100%
1 + 447 448
100%
14 + 434 448
100%
30 + 418 448
100%
90 + 358 448
100%
13 + 436 449
100%
4 + 447 451
100%
7 + 445 452
100%
19 + 433 452
100%
134 + 318 452
100%
6 + 447 453
100%
15 + 439 454
100%
51 + 403 454
100%
3 + 452 455
100%
5 + 450 455
100%
9 + 446 455
100%
15 + 441 456
100%
1 + 456 457
100%
6 + 451 457
100%
6 + 452 458
100%
7 + 451 458
100%
17 + 441 458
100%
24 + 434 458
100%
53 + 405 458
100%
10 + 449 459
100%
59 + 400 459
100%
128 + 331 459
100%
202 + 257 459
100%
1 + 45 46
100%
2 + 44 46
100%
4 + 42 46
100%
11 + 35 46
100%
13 + 33 46
100%
14 + 32 46
100%
6 + 454 460
100%
2 + 459 461
100%
6 + 455 461
100%
5 + 457 462
100%
9 + 453 462
100%
34 + 428 462
100%
50 + 412 462
100%
3 + 460 463
100%
5 + 458 463
100%
20 + 443 463
100%
44 + 419 463
100%
52 + 411 463
100%
101 + 363 464
100%
216 + 249 465
100%
46 + 421 467
100%
64 + 403 467
100%
110 + 357 467
100%
214 + 253 467
100%
16 + 452 468
100%
29 + 439 468
100%
19 + 450 469
100%
104 + 365 469
100%
142 + 327 469
100%
1 + 469 470
100%
107 + 363 470
100%
6 + 465 471
100%
12 + 459 471
100%
31 + 440 471
100%
113 + 358 471
100%
228 + 243 471
100%
5 + 467 472
100%
8 + 464 472
100%
85 + 387 472
100%
137 + 335 472
100%
3 + 470 473
100%
67 + 406 473
100%
69 + 404 473
100%
102 + 371 473
100%
27 + 447 474
100%
5 + 470 475
100%
66 + 410 476
100%
196 + 280 476
100%
7 + 470 477
100%
18 + 459 477
100%
201 + 276 477
100%
2 + 476 478
100%
13 + 465 478
100%
60 + 418 478
100%
9 + 470 479
100%
41 + 438 479
100%
2 + 46 48
100%
3 + 45 48
100%
5 + 43 48
100%
7 + 41 48
100%
8 + 40 48
100%
10 + 38 48
100%
5 + 475 480
100%
7 + 473 480
100%
11 + 469 480
100%
21 + 459 480
100%
36 + 444 480
100%
2 + 479 481
100%
121 + 361 482
100%
6 + 477 483
100%
14 + 469 483
100%
2 + 483 485
100%
4 + 481 485
100%
11 + 474 485
100%
59 + 426 485
100%
1 + 485 486
100%
4 + 482 486
100%
47 + 439 486
100%
3 + 484 487
100%
20 + 468 488
100%
25 + 463 488
100%
40 + 448 488
100%
9 + 480 489
100%
17 + 472 489
100%
39 + 450 489
100%
71 + 418 489
100%
79 + 410 489
100%
103 + 386 489
100%
5 + 485 490
100%
6 + 484 490
100%
200 + 290 490
100%
8 + 483 491
100%
17 + 474 491
100%
1 + 491 492
100%
132 + 361 493
100%
7 + 488 495
100%
28 + 467 495
100%
84 + 411 495
100%
4 + 492 496
100%
5 + 491 496
100%
6 + 490 496
100%
41 + 455 496
100%
105 + 391 496
100%
8 + 489 497
100%
34 + 463 497
100%
2 + 496 498
100%
11 + 487 498
100%
26 + 472 498
100%
58 + 440 498
100%
238 + 260 498
100%
104 + 395 499
100%
6 + 44 50
100%
9 + 41 50
100%
4 + 496 500
100%
7 + 493 500
100%
3 + 499 502
100%
51 + 451 502
100%
90 + 413 503
100%
2 + 502 504
100%
103 + 402 505
100%
209 + 296 505
100%
5 + 501 506
100%
24 + 482 506
100%
1 + 506 507
100%
9 + 498 507
100%
25 + 482 507
100%
37 + 470 507
100%
18 + 490 508
100%
8 + 501 509
100%
10 + 499 509
100%
26 + 483 509
100%
16 + 35 51
100%
3 + 507 510
100%
33 + 477 510
100%
3 + 508 511
100%
6 + 505 511
100%
7 + 504 511
100%
23 + 488 511
100%
113 + 399 512
100%
11 + 502 513
100%
5 + 509 514
100%
6 + 509 515
100%
109 + 406 515
100%
176 + 339 515
100%
26 + 490 516
100%
50 + 466 516
100%
8 + 509 517
100%
4 + 514 518
100%
9 + 509 518
100%
36 + 482 518
100%
2 + 517 519
100%
4 + 515 519
100%
6 + 513 519
100%
12 + 507 519
100%
22 + 497 519
100%
9 + 43 52
100%
18 + 34 52
100%
21 + 499 520
100%
80 + 440 520
100%
217 + 303 520
100%
5 + 516 521
100%
7 + 514 521
100%
199 + 322 521
100%
12 + 510 522
100%
61 + 461 522
100%
1 + 523 524
100%
5 + 519 524
100%
2 + 523 525
100%
35 + 490 525
100%
65 + 460 525
100%
5 + 522 527
100%
8 + 519 527
100%
9 + 518 527
100%
63 + 464 527
100%
82 + 445 527
100%
1 + 527 528
100%
3 + 525 528
100%
13 + 515 528
100%
16 + 512 528
100%
134 + 394 528
100%
2 + 527 529
100%
3 + 526 529
100%
7 + 522 529
100%
8 + 521 529
100%
98 + 431 529
100%
2 + 51 53
100%
6 + 47 53
100%
22 + 31 53
100%
64 + 466 530
100%
1 + 530 531
100%
19 + 513 532
100%
37 + 495 532
100%
2 + 531 533
100%
4 + 529 533
100%
28 + 505 533
100%
33 + 500 533
100%
1 + 533 534
100%
9 + 525 534
100%
35 + 499 534
100%
20 + 515 535
100%
222 + 313 535
100%
8 + 528 536
100%
9 + 527 536
100%
23 + 513 536
100%
58 + 478 536
100%
5 + 532 537
100%
7 + 530 537
100%
13 + 524 537
100%
38 + 499 537
100%
120 + 417 537
100%
3 + 535 538
100%
6 + 532 538
100%
7 + 532 539
100%
23 + 516 539
100%
29 + 510 539
100%
258 + 281 539
100%
10 + 44 54
100%
9 + 531 540
100%
11 + 529 540
100%
16 + 526 542
100%
24 + 518 542
100%
8 + 535 543
100%
9 + 534 543
100%
13 + 531 544
100%
124 + 420 544
100%
144 + 400 544
100%
21 + 525 546
100%
22 + 524 546
100%
5 + 542 547
100%
7 + 540 547
100%
18 + 529 547
100%
36 + 511 547
100%
1 + 547 548
100%
6 + 542 548
100%
4 + 545 549
100%
17 + 532 549
100%
19 + 530 549
100%
29 + 520 549
100%
1 + 54 55
100%
2 + 53 55
100%
17 + 38 55
100%
4 + 546 550
100%
2 + 549 551
100%
5 + 546 551
100%
10 + 541 551
100%
61 + 490 551
100%
80 + 471 551
100%
44 + 508 552
100%
5 + 548 553
100%
8 + 545 553
100%
42 + 511 553
100%
145 + 408 553
100%
3 + 551 554
100%
2 + 553 555
100%
3 + 552 555
100%
7 + 549 556
100%
201 + 355 556
100%
256 + 300 556
100%
25 + 532 557
100%
57 + 500 557
100%
157 + 401 558
100%
230 + 328 558
100%
4 + 555 559
100%
12 + 547 559
100%
38 + 521 559
100%
4 + 52 56
100%
5 + 555 560
100%
36 + 524 560
100%
73 + 487 560
100%
227 + 333 560
100%
13 + 548 561
100%
32 + 529 561
100%
146 + 415 561
100%
1 + 562 563
100%
25 + 538 563
100%
38 + 525 563
100%
8 + 556 564
100%
55 + 509 564
100%
59 + 505 564
100%
154 + 410 564
100%
255 + 309 564
100%
3 + 562 565
100%
30 + 535 565
100%
36 + 529 565
100%
2 + 564 566
100%
10 + 556 566
100%
15 + 551 566
100%
45 + 521 566
100%
67 + 499 566
100%
2 + 565 567
100%
9 + 558 567
100%
17 + 550 567
100%
27 + 540 567
100%
226 + 341 567
100%
22 + 546 568
100%
154 + 414 568
100%
207 + 361 568
100%
24 + 545 569
100%
34 + 535 569
100%
9 + 48 57
100%
8 + 562 570
100%
35 + 535 570
100%
3 + 568 571
100%
161 + 410 571
100%
52 + 520 572
100%
3 + 570 573
100%
4 + 569 573
100%
64 + 509 573
100%
243 + 330 573
100%
9 + 565 574
100%
14 + 560 574
100%
4 + 571 575
100%
7 + 568 575
100%
3 + 573 576
100%
11 + 565 576
100%
6 + 571 577
100%
164 + 413 577
100%
5 + 573 578
100%
105 + 474 579
100%
269 + 310 579
100%
4 + 54 58
100%
1 + 579 580
100%
8 + 572 580
100%
86 + 494 580
100%
160 + 420 580
100%
222 + 359 581
100%
237 + 344 581
100%
4 + 578 582
100%
8 + 574 582
100%
15 + 567 582
100%
3 + 580 583
100%
25 + 558 583
100%
65 + 518 583
100%
69 + 514 583
100%
2 + 582 584
100%
8 + 576 584
100%
52 + 532 584
100%
60 + 524 584
100%
5 + 580 585
100%
6 + 579 585
100%
8 + 577 585
100%
11 + 574 585
100%
3 + 585 588
100%
1 + 588 589
100%
2 + 587 589
100%
9 + 580 589
100%
14 + 575 589
100%
19 + 570 589
100%
30 + 559 589
100%
2 + 57 59
100%
8 + 51 59
100%
14 + 45 59
100%
6 + 584 590
100%
2 + 589 591
100%
4 + 587 591
100%
77 + 515 592
100%
130 + 462 592
100%
70 + 523 593
100%
154 + 439 593
100%
54 + 540 594
100%
14 + 581 595
100%
41 + 554 595
100%
2 + 594 596
100%
3 + 593 596
100%
63 + 533 596
100%
66 + 531 597
100%
4 + 594 598
100%
6 + 592 598
100%
1 + 598 599
100%
90 + 509 599
100%
102 + 497 599
100%
1 + 59 60
100%
3 + 57 60
100%
16 + 44 60
100%
18 + 42 60
100%
19 + 41 60
100%
23 + 38 61
100%
7 + 56 63
100%
21 + 42 63
100%
5 + 59 64
100%
7 + 57 64
100%
26 + 38 64
100%
4 + 61 65
100%
7 + 59 66
100%
25 + 41 66
100%
6 + 61 67
100%
20 + 47 67
100%
1 + 67 68
100%
6 + 62 68
100%
11 + 57 68
100%
16 + 53 69
100%
26 + 43 69
100%
1 + 6 7
100%
3 + 67 70
100%
22 + 48 70
100%
4 + 68 72
100%
7 + 65 72
100%
16 + 56 72
100%
27 + 45 72
100%
8 + 65 73
100%
6 + 68 74
100%
8 + 66 74
100%
9 + 65 74
100%
12 + 62 74
100%
3 + 72 75
100%
24 + 51 75
100%
27 + 49 76
100%
18 + 59 77
100%
35 + 42 77
100%
4 + 74 78
100%
28 + 50 78
100%
5 + 74 79
100%
2 + 6 8
100%
1 + 79 80
100%
19 + 61 80
100%
9 + 72 81
100%
2 + 80 82
100%
8 + 75 83
100%
18 + 65 83
100%
6 + 78 84
100%
17 + 67 84
100%
23 + 61 84
100%
3 + 83 86
100%
11 + 75 86
100%
14 + 72 86
100%
19 + 67 86
100%
32 + 54 86
100%
9 + 80 89
100%
31 + 58 89
100%
1 + 8 9
100%
1 + 89 90
100%
6 + 84 90
100%
21 + 69 90
100%
7 + 84 91
100%
18 + 73 91
100%
21 + 71 92
100%
2 + 91 93
100%
3 + 90 93
100%
22 + 71 93
100%
40 + 53 93
100%
4 + 90 94
100%
5 + 89 94
100%
7 + 87 94
100%
41 + 53 94
100%
8 + 87 95
100%
25 + 70 95
100%
30 + 65 95
100%
9 + 88 97
100%
3 + 95 98
100%
14 + 85 99
100%
40 + 59 99
100%
20 + 188 208
94%
27 + 203 230
93%
9 + 234 243
93%
8 + 376 384
93%
8 + 84 92
93%
1 + 147 148
92%
1 + 166 167
92%
8 + 164 172
92%
6 + 192 198
92%
23 + 200 223
92%
11 + 220 231
92%
1 + 232 233
92%
35 + 215 250
92%
1 + 256 257
92%
8 + 249 257
92%
12 + 275 287
92%
65 + 225 290
92%
23 + 281 304
92%
4 + 323 327
92%
7 + 323 330
92%
22 + 344 366
92%
3 + 397 400
92%
2 + 449 451
92%
30 + 428 458
92%
11 + 454 465
92%
3 + 491 494
92%
1 + 536 537
92%
3 + 538 541
92%
211 + 357 568
92%
109 + 469 578
92%
16 + 564 580
92%
10 + 59 69
92%
2 + 73 75
92%
1 + 96 97
92%
18 + 84 102
91%
6 + 132 138
91%
40 + 156 196
91%
3 + 198 201
91%
9 + 192 201
91%
28 + 225 253
91%
2 + 254 256
91%
4 + 267 271
91%
61 + 242 303
91%
8 + 352 360
91%
105 + 257 362
91%
3 + 376 379
91%
36 + 345 381
91%
45 + 348 393
91%
12 + 393 405
91%
1 + 432 433
91%
142 + 302 444
91%
21 + 436 457
91%
26 + 442 468
91%
32 + 468 500
91%
2 + 511 513
91%
14 + 505 519
91%
8 + 529 537
91%
1 + 553 554
91%
18 + 555 573
91%
4 + 570 574
91%
20 + 559 579
91%
10 + 582 592
91%
3 + 591 594
91%
2 + 95 97
91%
10 + 93 103
90%
7 + 7 14
90%
7 + 137 144
90%
16 + 133 149
90%
5 + 159 164
90%
7 + 178 185
90%
24 + 163 187
90%
7 + 189 196
90%
3 + 205 208
90%
5 + 226 231
90%
6 + 240 246
90%
22 + 225 247
90%
64 + 223 287
90%
37 + 277 314
90%
24 + 304 328
90%
7 + 341 348
90%
9 + 340 349
90%
4 + 348 352
90%
150 + 203 353
90%
37 + 321 358
90%
6 + 358 364
90%
102 + 288 390
90%
9 + 390 399
90%
139 + 260 399
90%
7 + 408 415
90%
103 + 314 417
90%
16 + 409 425
90%
91 + 343 434
90%
19 + 419 438
90%
7 + 437 444
90%
35 + 409 444
90%
7 + 444 451
90%
132 + 332 464
90%
22 + 444 466
90%
42 + 426 468
90%
101 + 382 483
90%
27 + 473 500
90%
3 + 501 504
90%
8 + 498 506
90%
3 + 515 518
90%
11 + 537 548
90%
19 + 533 552
90%
4 + 552 556
90%
9 + 548 557
90%
46 + 524 570
90%
62 + 510 572
90%
37 + 552 589
90%
125 + 464 589
90%
23 + 575 598
90%
8 + 55 63
90%
7 + 72 79
90%
26 + 64 90
90%
36 + 58 94
90%
19 + 79 98
90%
11 + 91 102
89%
2 + 121 123
89%
5 + 10 15
89%
17 + 140 157
89%
30 + 129 159
89%
42 + 122 164
89%
75 + 89 164
89%
36 + 149 185
89%
35 + 156 191
89%
49 + 162 211
89%
15 + 200 215
89%
26 + 197 223
89%
50 + 174 224
89%
23 + 210 233
89%
53 + 186 239
89%
6 + 234 240
89%
36 + 205 241
89%
46 + 200 246
89%
20 + 227 247
89%
21 + 229 250
89%
8 + 246 254
89%
55 + 203 258
89%
36 + 235 271
89%
8 + 264 272
89%
50 + 225 275
89%
2 + 276 278
89%
4 + 276 280
89%
89 + 198 287
89%
82 + 232 314
89%
59 + 256 315
89%
45 + 283 328
89%
7 + 26 33
89%
9 + 321 330
89%
4 + 328 332
89%
26 + 311 337
89%
73 + 265 338
89%
110 + 238 348
89%
51 + 301 352
89%
30 + 349 379
89%
13 + 369 382
89%
21 + 361 382
89%
8 + 375 383
89%
10 + 388 398
89%
26 + 372 398
89%
80 + 320 400
89%
14 + 394 408
89%
5 + 415 420
89%
14 + 409 423
89%
23 + 415 438
89%
26 + 427 453
89%
70 + 388 458
89%
1 + 465 466
89%
47 + 421 468
89%
5 + 464 469
89%
10 + 491 501
89%
106 + 400 506
89%
11 + 506 517
89%
30 + 490 520
89%
24 + 499 523
89%
71 + 452 523
89%
1 + 539 540
89%
5 + 535 540
89%
49 + 493 542
89%
34 + 512 546
89%
9 + 539 548
89%
4 + 564 568
89%
10 + 562 572
89%
36 + 541 577
89%
32 + 40 72
89%
3 + 75 78
89%
42 + 43 85
89%
3 + 100 103
88%
33 + 72 105
88%
4 + 103 107
88%
4 + 7 11
88%
1 + 114 115
88%
2 + 115 117
88%
18 + 103 121
88%
4 + 123 127
88%
34 + 94 128
88%
4 + 128 132
88%
5 + 128 133
88%
1 + 138 139
88%
7 + 132 139
88%
19 + 122 141
88%
4 + 138 142
88%
7 + 135 142
88%
5 + 145 150
88%
64 + 87 151
88%
15 + 141 156
88%
9 + 154 163
88%
30 + 136 166
88%
4 + 163 167
88%
30 + 138 168
88%
37 + 137 174
88%
10 + 172 182
88%
27 + 157 184
88%
37 + 151 188
88%
57 + 142 199
88%
16 + 187 203
88%
64 + 139 203
88%
6 + 201 207
88%
84 + 126 210
88%
49 + 165 214
88%
29 + 190 219
88%
7 + 221 228
88%
9 + 226 235
88%
11 + 241 252
88%
48 + 210 258
88%
9 + 253 262
88%
7 + 257 264
88%
3 + 263 266
88%
23 + 250 273
88%
4 + 273 277
88%
11 + 267 278
88%
81 + 208 289
88%
1 + 290 291
88%
104 + 192 296
88%
47 + 254 301
88%
3 + 311 314
88%
4 + 321 325
88%
1 + 327 328
88%
19 + 314 333
88%
63 + 270 333
88%
35 + 299 334
88%
4 + 333 337
88%
37 + 302 339
88%
39 + 301 340
88%
7 + 335 342
88%
35 + 312 347
88%
50 + 302 352
88%
38 + 317 355
88%
66 + 291 357
88%
6 + 354 360
88%
4 + 362 366
88%
4 + 368 372
88%
2 + 372 374
88%
114 + 266 380
88%
108 + 275 383
88%
38 + 357 395
88%
39 + 363 402
88%
35 + 370 405
88%
10 + 396 406
88%
73 + 339 412
88%
50 + 365 415
88%
3 + 417 420
88%
7 + 417 424
88%
47 + 384 431
88%
7 + 430 437
88%
8 + 430 438
88%
13 + 430 443
88%
9 + 445 454
88%
7 + 449 456
88%
2 + 466 468
88%
4 + 464 468
88%
50 + 419 469
88%
18 + 29 47
88%
156 + 318 474
88%
8 + 479 487
88%
102 + 388 490
88%
190 + 303 493
88%
171 + 323 494
88%
236 + 260 496
88%
5 + 492 497
88%
14 + 485 499
88%
4 + 506 510
88%
3 + 517 520
88%
81 + 449 530
88%
32 + 500 532
88%
5 + 528 533
88%
12 + 528 540
88%
21 + 524 545
88%
203 + 342 545
88%
35 + 512 547
88%
174 + 375 549
88%
14 + 41 55
88%
42 + 509 551
88%
103 + 449 552
88%
227 + 325 552
88%
145 + 409 554
88%
59 + 500 559
88%
7 + 558 565
88%
6 + 51 57
88%
1 + 570 571
88%
73 + 503 576
88%
21 + 557 578
88%
172 + 406 578
88%
9 + 571 580
88%
1 + 582 583
88%
250 + 335 585
88%
50 + 539 589
88%
155 + 441 596
88%
235 + 362 597
88%
2 + 59 61
88%
14 + 51 65
88%
14 + 65 79
88%
16 + 68 84
88%
12 + 76 88
88%
15 + 81 96
88%
32 + 77 109
86%
17 + 95 112
86%
58 + 58 116
86%
7 + 112 119
86%
21 + 98 119
86%
29 + 91 120
86%
9 + 126 135
86%
2 + 134 136
86%
4 + 136 140
86%
27 + 118 145
86%
25 + 122 147
86%
32 + 119 151
86%
8 + 150 158
86%
25 + 150 175
86%
58 + 122 180
86%
14 + 167 181
86%
30 + 157 187
86%
93 + 98 191
86%
3 + 194 197
86%
9 + 188 197
86%
13 + 188 201
86%
55 + 151 206
86%
11 + 196 207
86%
18 + 200 218
86%
6 + 215 221
86%
7 + 215 222
86%
10 + 217 227
86%
28 + 200 228
86%
6 + 228 234
86%
117 + 117 234
86%
37 + 199 236
86%
84 + 152 236
86%
8 + 229 237
86%
10 + 232 242
86%
2 + 245 247
86%
47 + 204 251
86%
10 + 245 255
86%
37 + 218 255
86%
120 + 146 266
86%
47 + 220 267
86%
5 + 265 270
86%
17 + 253 270
86%
61 + 209 270
86%
4 + 268 272
86%
24 + 249 273
86%
1 + 273 274
86%
9 + 269 278
86%
28 + 252 280
86%
67 + 216 283
86%
8 + 279 287
86%
2 + 289 291
86%
20 + 271 291
86%
37 + 255 292
86%
34 + 260 294
86%
3 + 294 297
86%
46 + 255 301
86%
11 + 301 312
86%
17 + 299 316
86%
33 + 283 316
86%
96 + 221 317
86%
2 + 320 322
86%
45 + 280 325
86%
9 + 24 33
86%
4 + 330 334
86%
46 + 294 340
86%
14 + 328 342
86%
8 + 337 345
86%
1 + 345 346
86%
48 + 298 346
86%
43 + 304 347
86%
29 + 326 355
86%
7 + 355 362
86%
11 + 356 367
86%
60 + 312 372
86%
15 + 358 373
86%
19 + 356 375
86%
109 + 277 386
86%
31 + 357 388
86%
20 + 371 391
86%
4 + 388 392
86%
46 + 359 405
86%
9 + 399 408
86%
53 + 357 410
86%
17 + 412 429
86%
204 + 225 429
86%
8 + 422 430
86%
19 + 411 430
86%
21 + 416 437
86%
32 + 406 438
86%
10 + 431 441
86%
113 + 333 446
86%
11 + 439 450
86%
12 + 439 451
86%
29 + 424 453
86%
4 + 453 457
86%
37 + 420 457
86%
7 + 452 459
86%
15 + 31 46
86%
25 + 435 460
86%
82 + 384 466
86%
19 + 448 467
86%
103 + 366 469
86%
15 + 458 473
86%
1 + 475 476
86%
95 + 382 477
86%
6 + 472 478
86%
44 + 437 481
86%
53 + 429 482
86%
75 + 408 483
86%
123 + 362 485
86%
23 + 466 489
86%
1 + 489 490
86%
13 + 483 496
86%
22 + 476 498
86%
1 + 498 499
86%
20 + 480 500
86%
19 + 482 501
86%
12 + 491 503
86%
61 + 447 508
86%
235 + 273 508
86%
108 + 401 509
86%
7 + 503 510
86%
137 + 373 510
86%
72 + 439 511
86%
112 + 402 514
86%
17 + 501 518
86%
53 + 466 519
86%
10 + 521 531
86%
231 + 306 537
86%
15 + 523 538
86%
60 + 478 538
86%
22 + 521 543
86%
39 + 507 546
86%
139 + 412 551
86%
122 + 435 557
86%
25 + 533 558
86%
26 + 533 559
86%
117 + 443 560
86%
53 + 508 561
86%
184 + 383 567
86%
8 + 561 569
86%
19 + 553 572
86%
31 + 551 582
86%
17 + 566 583
86%
100 + 485 585
86%
32 + 554 586
86%
234 + 353 587
86%
101 + 489 590
86%
28 + 563 591
86%
53 + 541 594
86%
1 + 596 597
86%
9 + 56 65
86%
34 + 41 75
86%
15 + 63 78
86%
11 + 72 83
86%
7 + 77 84
86%
1 + 86 87
86%
11 + 79 90
86%
14 + 81 95
86%
29 + 67 96
86%
13 + 563 576
85%
6 + 95 101
83%
8 + 94 102
83%
4 + 100 104
83%
51 + 54 105
83%
2 + 109 111
83%
15 + 103 118
83%
5 + 114 119
83%
40 + 79 119
83%
17 + 107 124
83%
10 + 123 133
83%
6 + 131 137
83%
37 + 106 143
83%
47 + 96 143
83%
12 + 134 146
83%
3 + 147 150
83%
39 + 116 155
83%
50 + 110 160
83%
22 + 142 164
83%
66 + 100 166
83%
6 + 164 170
83%
7 + 167 174
83%
11 + 167 178
83%
58 + 123 181
83%
3 + 181 184
83%
29 + 155 184
83%
62 + 123 185
83%
13 + 183 196
83%
22 + 178 200
83%
62 + 138 200
83%
34 + 167 201
83%
7 + 195 202
83%
80 + 123 203
83%
19 + 186 205
83%
60 + 145 205
83%
36 + 174 210
83%
7 + 206 213
83%
4 + 211 215
83%
55 + 160 215
83%
17 + 205 222
83%
8 + 219 227
83%
1 + 229 230
83%
64 + 171 235
83%
1 + 237 238
83%
13 + 225 238
83%
82 + 160 242
83%
23 + 221 244
83%
107 + 137 244
83%
11 + 234 245
83%
12 + 237 249
83%
77 + 172 249
83%
15 + 241 256
83%
15 + 243 258
83%
13 + 247 260
83%
1 + 260 261
83%
105 + 168 273
83%
36 + 242 278
83%
80 + 200 280
83%
17 + 264 281
83%
7 + 279 286
83%
2 + 286 288
83%
27 + 262 289
83%
9 + 284 293
83%
35 + 259 294
83%
16 + 280 296
83%
44 + 254 298
83%
3 + 297 300
83%
56 + 248 304
83%
131 + 174 305
83%
18 + 288 306
83%
10 + 301 311
83%
117 + 200 317
83%
20 + 298 318
83%
81 + 244 325
83%
34 + 292 326
83%
25 + 302 327
83%
42 + 285 327
83%
9 + 322 331
83%
20 + 311 331
83%
14 + 322 336
83%
18 + 318 336
83%
142 + 198 340
83%
8 + 334 342
83%
29 + 319 348
83%
95 + 253 348
83%
57 + 294 351
83%
79 + 272 351
83%
170 + 182 352
83%
7 + 351 358
83%
9 + 350 359
83%
54 + 310 364
83%
8 + 360 368
83%
1 + 370 371
83%
31 + 340 371
83%
101 + 270 371
83%
124 + 248 372
83%
25 + 348 373
83%
8 + 369 377
83%
74 + 305 379
83%
4 + 377 381
83%
7 + 376 383
83%
12 + 373 385
83%
33 + 353 386
83%
151 + 236 387
83%
13 + 380 393
83%
15 + 378 393
83%
78 + 315 393
83%
6 + 392 398
83%
43 + 355 398
83%
4 + 399 403
83%
5 + 398 403
83%
64 + 341 405
83%
139 + 268 407
83%
16 + 25 41
83%
125 + 285 410
83%
81 + 330 411
83%
11 + 31 42
83%
11 + 415 426
83%
6 + 421 427
83%
85 + 342 427
83%
198 + 232 430
83%
28 + 409 437
83%
122 + 317 439
83%
67 + 373 440
83%
2 + 439 441
83%
70 + 371 441
83%
121 + 320 441
83%
72 + 370 442
83%
8 + 435 443
83%
49 + 395 444
83%
59 + 389 448
83%
16 + 437 453
83%
30 + 423 453
83%
23 + 432 455
83%
20 + 441 461
83%
163 + 298 461
83%
154 + 312 466
83%
14 + 454 468
83%
126 + 346 472
83%
22 + 452 474
83%
94 + 383 477
83%
170 + 307 477
83%
110 + 368 478
83%
175 + 304 479
83%
8 + 472 480
83%
219 + 266 485
83%
2 + 488 490
83%
34 + 457 491
83%
99 + 393 492
83%
118 + 378 496
83%
9 + 489 498
83%
15 + 483 498
83%
182 + 317 499
83%
14 + 488 502
83%
52 + 452 504
83%
4 + 501 505
83%
6 + 499 505
83%
48 + 458 506
83%
177 + 332 509
83%
26 + 486 512
83%
40 + 474 514
83%
35 + 480 515
83%
135 + 381 516
83%
35 + 482 517
83%
11 + 509 520
83%
114 + 408 522
83%
10 + 513 523
83%
51 + 475 526
83%
70 + 457 527
83%
17 + 517 534
83%
25 + 509 534
83%
50 + 486 536
83%
14 + 525 539
83%
4 + 536 540
83%
19 + 521 540
83%
43 + 497 540
83%
8 + 533 541
83%
30 + 514 544
83%
2 + 543 545
83%
28 + 517 545
83%
41 + 505 546
83%
27 + 521 548
83%
234 + 315 549
83%
29 + 522 551
83%
14 + 541 555
83%
15 + 540 555
83%
48 + 507 555
83%
228 + 330 558
83%
7 + 49 56
83%
18 + 38 56
83%
19 + 541 560
83%
17 + 546 563
83%
19 + 547 566
83%
35 + 533 568
83%
5 + 564 569
83%
97 + 472 569
83%
232 + 339 571
83%
28 + 545 573
83%
6 + 568 574
83%
8 + 567 575
83%
167 + 409 576
83%
98 + 479 577
83%
29 + 549 578
83%
30 + 548 578
83%
260 + 323 583
83%
14 + 571 585
83%
13 + 578 591
83%
119 + 473 592
83%
51 + 543 594
83%
58 + 536 594
83%
20 + 579 599
83%
13 + 48 61
83%
4 + 70 74
83%
4 + 83 87
83%
1 + 93 94
83%
38 + 56 94
83%
5 + 93 98
83%
23 + 145 168
82%
65 + 141 206
82%
36 + 227 263
82%
14 + 274 288
82%
1 + 381 382
82%
6 + 430 436
82%
117 + 328 445
82%
13 + 448 461
82%
138 + 328 466
82%
56 + 451 507
82%
21 + 43 64
82%
27 + 77 104
80%
33 + 87 120
80%
14 + 108 122
80%
25 + 99 124
80%
9 + 122 131
80%
11 + 120 131
80%
15 + 121 136
80%
21 + 115 136
80%
17 + 122 139
80%
39 + 111 150
80%
2 + 152 154
80%
16 + 140 156
80%
16 + 141 157
80%
62 + 95 157
80%
52 + 110 162
80%
17 + 146 163
80%
11 + 154 165
80%
58 + 107 165
80%
10 + 156 166
80%
2 + 166 168
80%
39 + 132 171
80%
4 + 169 173
80%
20 + 155 175
80%
26 + 153 179
80%
39 + 140 179
80%
49 + 137 186
80%
85 + 101 186
80%
1 + 18 19
80%
15 + 176 191
80%
4 + 190 194
80%
8 + 188 196
80%
26 + 171 197
80%
34 + 163 197
80%
45 + 155 200
80%
75 + 126 201
80%
77 + 126 203
80%
31 + 175 206
80%
5 + 203 208
80%
8 + 201 209
80%
17 + 200 217
80%
38 + 179 217
80%
95 + 123 218
80%
3 + 222 225
80%
4 + 221 225
80%
26 + 199 225
80%
1 + 230 231
80%
99 + 136 235
80%
19 + 218 237
80%
56 + 187 243
80%
7 + 242 249
80%
16 + 233 249
80%
9 + 16 25
80%
74 + 176 250
80%
17 + 235 252
80%
5 + 251 256
80%
3 + 23 26
80%
125 + 135 260
80%
57 + 205 262
80%
1 + 266 267
80%
7 + 260 267
80%
46 + 221 267
80%
3 + 271 274
80%
20 + 254 274
80%
58 + 216 274
80%
1 + 276 277
80%
30 + 247 277
80%
1 + 278 279
80%
28 + 251 279
80%
62 + 218 280
80%
44 + 240 284
80%
9 + 276 285
80%
5 + 283 288
80%
4 + 287 291
80%
15 + 280 295
80%
122 + 175 297
80%
23 + 277 300
80%
7 + 294 301
80%
76 + 226 302
80%
150 + 155 305
80%
16 + 296 312
80%
54 + 258 312
80%
55 + 258 313
80%
11 + 303 314
80%
2 + 316 318
80%
15 + 303 318
80%
84 + 242 326
80%
116 + 211 327
80%
129 + 201 330
80%
5 + 330 335
80%
7 + 328 335
80%
10 + 327 337
80%
20 + 317 337
80%
40 + 299 339
80%
83 + 256 339
80%
17 + 325 342
80%
18 + 327 345
80%
115 + 230 345
80%
90 + 259 349
80%
122 + 229 351
80%
65 + 289 354
80%
6 + 352 358
80%
39 + 323 362
80%
9 + 359 368
80%
10 + 359 369
80%
9 + 362 371
80%
13 + 360 373
80%
30 + 358 388
80%
68 + 321 389
80%
40 + 352 392
80%
155 + 241 396
80%
91 + 307 398
80%
31 + 369 400
80%
119 + 281 400
80%
10 + 395 405
80%
9 + 398 407
80%
18 + 390 408
80%
158 + 250 408
80%
32 + 381 413
80%
168 + 246 414
80%
1 + 414 415
80%
6 + 409 415
80%
90 + 325 415
80%
79 + 337 416
80%
115 + 302 417
80%
10 + 32 42
80%
10 + 413 423
80%
127 + 302 429
80%
117 + 317 434
80%
41 + 394 435
80%
25 + 412 437
80%
146 + 295 441
80%
33 + 409 442
80%
15 + 429 444
80%
22 + 423 445
80%
56 + 391 447
80%
9 + 439 448
80%
88 + 362 450
80%
152 + 298 450
80%
130 + 322 452
80%
45 + 409 454
80%
14 + 441 455
80%
8 + 38 46
80%
115 + 346 461
80%
119 + 342 461
80%
136 + 326 462
80%
97 + 366 463
80%
80 + 385 465
80%
23 + 443 466
80%
7 + 460 467
80%
8 + 462 470
80%
39 + 433 472
80%
23 + 450 473
80%
65 + 408 473
80%
4 + 474 478
80%
29 + 452 481
80%
204 + 278 482
80%
12 + 473 485
80%
169 + 318 487
80%
32 + 457 489
80%
57 + 432 489
80%
10 + 482 492
80%
20 + 472 492
80%
20 + 473 493
80%
174 + 319 493
80%
8 + 486 494
80%
36 + 461 497
80%
177 + 320 497
80%
72 + 429 501
80%
25 + 478 503
80%
96 + 407 503
80%
18 + 486 504
80%
150 + 354 504
80%
111 + 394 505
80%
13 + 493 506
80%
48 + 459 507
80%
1 + 513 514
80%
100 + 416 516
80%
104 + 412 516
80%
11 + 41 52
80%
25 + 495 520
80%
13 + 508 521
80%
181 + 342 523
80%
213 + 310 523
80%
16 + 508 524
80%
42 + 483 525
80%
27 + 502 529
80%
93 + 444 537
80%
5 + 49 54
80%
98 + 442 540
80%
8 + 537 545
80%
31 + 514 545
80%
226 + 319 545
80%
3 + 544 547
80%
47 + 508 555
80%
115 + 441 556
80%
132 + 424 556
80%
54 + 512 566
80%
22 + 545 567
80%
1 + 573 574
80%
2 + 575 577
80%
34 + 544 578
80%
57 + 522 579
80%
38 + 543 581
80%
221 + 361 582
80%
85 + 498 583
80%
43 + 543 586
80%
63 + 528 591
80%
96 + 495 591
80%
7 + 586 593
80%
9 + 589 598
80%
17 + 51 68
80%
34 + 35 69
80%
1 + 69 70
80%
22 + 55 77
80%
5 + 75 80
80%
6 + 86 92
80%
10 + 87 97
80%
3 + 96 99
80%
14 + 312 326
79%
75 + 423 498
79%
27 + 88 115
78%
5 + 119 124
78%
30 + 99 129
78%
43 + 88 131
78%
59 + 78 137
78%
19 + 141 160
78%
56 + 110 166
78%
50 + 137 187
78%
2 + 186 188
78%
10 + 179 189
78%
38 + 154 192
78%
9 + 205 214
78%
35 + 180 215
78%
7 + 209 216
78%
12 + 211 223
78%
79 + 151 230
78%
92 + 138 230
78%
85 + 155 240
78%
19 + 229 248
78%
34 + 228 262
78%
27 + 241 268
78%
51 + 224 275
78%
48 + 228 276
78%
10 + 267 277
78%
25 + 259 284
78%
11 + 282 293
78%
74 + 219 293
78%
22 + 273 295
78%
86 + 220 306
78%
8 + 314 322
78%
62 + 263 325
78%
2 + 324 326
78%
2 + 345 347
78%
45 + 330 375
78%
128 + 254 382
78%
3 + 412 415
78%
99 + 333 432
78%
1 + 439 440
78%
18 + 422 440
78%
8 + 436 444
78%
73 + 406 479
78%
42 + 443 485
78%
30 + 466 496
78%
250 + 270 520
78%
8 + 517 525
78%
33 + 502 535
78%
18 + 536 554
78%
8 + 548 556
78%
115 + 442 557
78%
23 + 544 567
78%
84 + 485 569
78%
12 + 563 575
78%
258 + 320 578
78%
16 + 569 585
78%
12 + 577 589
78%
95 + 494 589
78%
42 + 548 590
78%
5 + 587 592
78%
15 + 583 598
78%
17 + 76 93
78%
11 + 15 26
77%
74 + 196 270
77%
28 + 439 467
77%
8 + 97 105
75%
46 + 62 108
75%
37 + 73 110
75%
8 + 104 112
75%
26 + 87 113
75%
26 + 88 114
75%
11 + 105 116
75%
7 + 113 120
75%
16 + 105 121
75%
19 + 102 121
75%
14 + 119 133
75%
3 + 134 137
75%
16 + 121 137
75%
9 + 133 142
75%
12 + 132 144
75%
6 + 142 148
75%
8 + 140 148
75%
29 + 119 148
75%
8 + 145 153
75%
35 + 121 156
75%
1 + 157 158
75%
60 + 100 160
75%
16 + 146 162
75%
8 + 156 164
75%
25 + 139 164
75%
67 + 107 174
75%
6 + 173 179
75%
51 + 130 181
75%
9 + 174 183
75%
1 + 183 184
75%
13 + 172 185
75%
15 + 172 187
75%
21 + 166 187
75%
53 + 134 187
75%
58 + 129 187
75%
7 + 181 188
75%
18 + 172 190
75%
71 + 124 195
75%
55 + 141 196
75%
4 + 16 20
75%
17 + 183 200
75%
44 + 156 200
75%
14 + 187 201
75%
16 + 185 201
75%
4 + 198 202
75%
9 + 196 205
75%
10 + 207 217
75%
32 + 192 224
75%
31 + 196 227
75%
33 + 198 231
75%
38 + 193 231
75%
25 + 211 236
75%
9 + 229 238
75%
109 + 129 238
75%
11 + 232 243
75%
55 + 194 249
75%
108 + 142 250
75%
68 + 183 251
75%
5 + 256 261
75%
38 + 235 273
75%
34 + 241 275
75%
5 + 272 277
75%
21 + 257 278
75%
106 + 174 280
75%
12 + 270 282
75%
101 + 181 282
75%
45 + 239 284
75%
102 + 192 294
75%
24 + 276 300
75%
12 + 289 301
75%
8 + 296 304
75%
26 + 282 308
75%
31 + 279 310
75%
119 + 193 312
75%
90 + 223 313
75%
18 + 299 317
75%
3 + 29 32
75%
18 + 303 321
75%
9 + 313 322
75%
43 + 281 324
75%
1 + 325 326
75%
27 + 299 326
75%
5 + 325 330
75%
51 + 284 335
75%
33 + 307 340
75%
53 + 289 342
75%
44 + 299 343
75%
88 + 256 344
75%
5 + 340 345
75%
75 + 270 345
75%
117 + 228 345
75%
100 + 246 346
75%
107 + 240 347
75%
16 + 334 350
75%
28 + 324 352
75%
97 + 257 354
75%
26 + 332 358
75%
31 + 328 359
75%
5 + 355 360
75%
11 + 349 360
75%
41 + 319 360
75%
93 + 269 362
75%
20 + 345 365
75%
87 + 279 366
75%
3 + 367 370
75%
55 + 315 370
75%
7 + 364 371
75%
96 + 276 372
75%
83 + 290 373
75%
97 + 277 374
75%
135 + 239 374
75%
28 + 348 376
75%
126 + 250 376
75%
89 + 288 377
75%
1 + 379 380
75%
2 + 382 384
75%
27 + 359 386
75%
5 + 383 388
75%
18 + 372 390
75%
84 + 307 391
75%
133 + 260 393
75%
2 + 392 394
75%
48 + 347 395
75%
111 + 287 398
75%
7 + 396 403
75%
10 + 394 404
75%
3 + 405 408
75%
135 + 274 409
75%
144 + 265 409
75%
36 + 376 412
75%
6 + 408 414
75%
49 + 365 414
75%
80 + 334 414
75%
18 + 397 415
75%
128 + 289 417
75%
9 + 33 42
75%
16 + 405 421
75%
118 + 305 423
75%
59 + 365 424
75%
98 + 326 424
75%
109 + 317 426
75%
176 + 253 429
75%
6 + 425 431
75%
67 + 365 432
75%
8 + 425 433
75%
44 + 389 433
75%
54 + 382 436
75%
17 + 422 439
75%
9 + 432 441
75%
4 + 439 443
75%
26 + 418 444
75%
81 + 368 449
75%
121 + 328 449
75%
57 + 399 456
75%
18 + 441 459
75%
38 + 431 469
75%
89 + 380 469
75%
16 + 460 476
75%
33 + 446 479
75%
40 + 439 479
75%
144 + 335 479
75%
226 + 253 479
75%
3 + 479 482
75%
90 + 392 482
75%
51 + 432 483
75%
58 + 426 484
75%
68 + 416 484
75%
36 + 449 485
75%
13 + 473 486
75%
15 + 472 487
75%
235 + 252 487
75%
147 + 342 489
75%
7 + 483 490
75%
108 + 382 490
75%
16 + 476 492
75%
17 + 33 50
75%
15 + 488 503
75%
156 + 348 504
75%
54 + 454 508
75%
17 + 493 510
75%
28 + 482 510
75%
214 + 298 512
75%
142 + 371 513
75%
50 + 464 514
75%
9 + 508 517
75%
29 + 488 517
75%
19 + 33 52
75%
218 + 303 521
75%
15 + 507 522
75%
44 + 481 525
75%
34 + 492 526
75%
18 + 509 527
75%
5 + 523 528
75%
244 + 285 529
75%
34 + 496 530
75%
45 + 485 530
75%
173 + 359 532
75%
151 + 384 535
75%
48 + 493 541
75%
74 + 467 541
75%
127 + 415 542
75%
48 + 495 543
75%
128 + 416 544
75%
191 + 354 545
75%
210 + 335 545
75%
205 + 349 554
75%
6 + 549 555
75%
117 + 438 555
75%
67 + 489 556
75%
95 + 463 558
75%
16 + 545 561
75%
42 + 523 565
75%
12 + 554 566
75%
215 + 355 570
75%
33 + 538 571
75%
156 + 415 571
75%
83 + 489 572
75%
80 + 494 574
75%
2 + 579 581
75%
111 + 472 583
75%
166 + 418 584
75%
1 + 584 585
75%
203 + 382 585
75%
231 + 355 586
75%
20 + 567 587
75%
74 + 518 592
75%
99 + 497 596
75%
28 + 570 598
75%
44 + 554 598
75%
8 + 54 62
75%
12 + 50 62
75%
24 + 38 62
75%
2 + 66 68
75%
13 + 60 73
75%
19 + 56 75
75%
13 + 80 93
75%
39 + 67 106
73%
70 + 74 144
73%
12 + 146 158
73%
25 + 149 174
73%
47 + 172 219
73%
62 + 158 220
73%
61 + 192 253
73%
27 + 229 256
73%
92 + 270 362
73%
143 + 244 387
73%
24 + 431 455
73%
63 + 395 458
73%
43 + 419 462
73%
20 + 529 549
73%
139 + 413 552
73%
69 + 493 562
73%
28 + 123 151
71%
27 + 127 154
71%
13 + 155 168
71%
76 + 95 171
71%
26 + 148 174
71%
32 + 164 196
71%
56 + 142 198
71%
54 + 145 199
71%
5 + 15 20
71%
7 + 198 205
71%
22 + 187 209
71%
64 + 148 212
71%
45 + 171 216
71%
41 + 186 227
71%
16 + 213 229
71%
16 + 217 233
71%
76 + 166 242
71%
2 + 241 243
71%
55 + 191 246
71%
84 + 162 246
71%
85 + 177 262
71%
16 + 249 265
71%
37 + 233 270
71%
65 + 210 275
71%
33 + 244 277
71%
124 + 153 277
71%
136 + 155 291
71%
83 + 223 306
71%
5 + 311 316
71%
14 + 305 319
71%
123 + 196 319
71%
140 + 199 339
71%
69 + 277 346
71%
2 + 349 351
71%
16 + 338 354
71%
43 + 318 361
71%
153 + 208 361
71%
132 + 232 364
71%
19 + 346 365
71%
82 + 283 365
71%
88 + 284 372
71%
186 + 204 390
71%
51 + 347 398
71%
25 + 388 413
71%
60 + 363 423
71%
83 + 342 425
71%
48 + 379 427
71%
47 + 383 430
71%
27 + 405 432
71%
157 + 282 439
71%
48 + 392 440
71%
209 + 234 443
71%
6 + 438 444
71%
46 + 400 446
71%
69 + 379 448
71%
121 + 337 458
71%
59 + 404 463
71%
65 + 398 463
71%
185 + 279 464
71%
160 + 306 466
71%
186 + 286 472
71%
54 + 429 483
71%
92 + 397 489
71%
19 + 476 495
71%
46 + 455 501
71%
19 + 485 504
71%
60 + 465 525
71%
154 + 378 532
71%
249 + 284 533
71%
6 + 531 537
71%
60 + 477 537
71%
88 + 453 541
71%
67 + 477 544
71%
72 + 472 544
71%
57 + 488 545
71%
24 + 522 546
71%
107 + 444 551
71%
188 + 364 552
71%
37 + 516 553
71%
11 + 547 558
71%
56 + 503 559
71%
9 + 553 562
71%
198 + 368 566
71%
27 + 541 568
71%
49 + 522 571
71%
230 + 355 585
71%
189 + 399 588
71%
8 + 586 594
71%
47 + 547 594
71%
11 + 585 596
71%
27 + 569 596
71%
8 + 589 597
71%
33 + 565 598
71%
15 + 47 62
71%
14 + 56 70
71%
29 + 54 83
71%
14 + 82 96
71%
48 + 85 133
70%
3 + 153 156
70%
17 + 154 171
70%
86 + 95 181
70%
73 + 186 259
70%
15 + 274 289
70%
19 + 278 297
70%
39 + 258 297
70%
1 + 307 308
70%
58 + 264 322
70%
179 + 230 409
70%
58 + 358 416
70%
105 + 313 418
70%
165 + 258 423
70%
5 + 427 432
70%
36 + 410 446
70%
83 + 447 530
70%
5 + 62 67
70%
20 + 76 96
70%
101 + 221 322
69%
7 + 567 574
69%
12 + 54 66
69%
35 + 68 103
67%
9 + 101 110
67%
33 + 82 115
67%
43 + 79 122
67%
8 + 115 123
67%
38 + 89 127
67%
64 + 68 132
67%
18 + 126 144
67%
7 + 141 148
67%
34 + 117 151
67%
5 + 147 152
67%
4 + 153 157
67%
20 + 138 158
67%
31 + 128 159
67%
51 + 110 161
67%
66 + 97 163
67%
3 + 162 165
67%
9 + 160 169
67%
4 + 166 170
67%
63 + 112 175
67%
1 + 179 180
67%
11 + 169 180
67%
16 + 169 185
67%
17 + 169 186
67%
39 + 151 190
67%
61 + 134 195
67%
97 + 102 199
67%
25 + 177 202
67%
51 + 152 203
67%
69 + 134 203
67%
21 + 183 204
67%
24 + 181 205
67%
19 + 188 207
67%
4 + 205 209
67%
73 + 138 211
67%
42 + 173 215
67%
67 + 148 215
67%
3 + 215 218
67%
11 + 207 218
67%
3 + 218 221
67%
9 + 214 223
67%
42 + 183 225
67%
27 + 199 226
67%
91 + 136 227
67%
93 + 136 229
67%
78 + 155 233
67%
57 + 177 234
67%
30 + 205 235
67%
51 + 186 237
67%
7 + 235 242
67%
48 + 195 243
67%
1 + 244 245
67%
56 + 190 246
67%
8 + 248 256
67%
38 + 219 257
67%
29 + 229 258
67%
52 + 209 261
67%
83 + 178 261
67%
38 + 228 266
67%
72 + 196 268
67%
54 + 218 272
67%
109 + 167 276
67%
32 + 249 281
67%
52 + 239 291
67%
55 + 236 291
67%
28 + 266 294
67%
33 + 264 297
67%
67 + 231 298
67%
28 + 281 309
67%
91 + 218 309
67%
4 + 306 310
67%
50 + 263 313
67%
78 + 244 322
67%
56 + 273 329
67%
113 + 217 330
67%
65 + 266 331
67%
29 + 305 334
67%
12 + 327 339
67%
28 + 311 339
67%
58 + 281 339
67%
56 + 285 341
67%
72 + 270 342
67%
85 + 258 343
67%
63 + 282 345
67%
68 + 281 349
67%
98 + 252 350
67%
55 + 298 353
67%
17 + 348 365
67%
48 + 317 365
67%
79 + 287 366
67%
69 + 302 371
67%
18 + 354 372
67%
155 + 218 373
67%
5 + 374 379
67%
9 + 372 381
67%
27 + 356 383
67%
29 + 354 383
67%
69 + 314 383
67%
86 + 297 383
67%
114 + 269 383
67%
136 + 255 391
67%
19 + 373 392
67%
72 + 321 393
67%
4 + 390 394
67%
56 + 339 395
67%
58 + 339 397
67%
58 + 340 398
67%
155 + 243 398
67%
21 + 379 400
67%
72 + 328 400
67%
104 + 296 400
67%
24 + 378 402
67%
145 + 258 403
67%
97 + 307 404
67%
16 + 389 405
67%
60 + 349 409
67%
77 + 334 411
67%
9 + 407 416
67%
97 + 321 418
67%
95 + 327 422
67%
52 + 372 424
67%
62 + 366 428
67%
21 + 409 430
67%
7 + 426 433
67%
163 + 273 436
67%
97 + 340 437
67%
123 + 315 438
67%
54 + 387 441
67%
27 + 417 444
67%
166 + 278 444
67%
8 + 445 453
67%
17 + 437 454
67%
78 + 383 461
67%
8 + 454 462
67%
8 + 456 464
67%
58 + 408 466
67%
228 + 242 470
67%
76 + 395 471
67%
55 + 419 474
67%
178 + 296 474
67%
9 + 467 476
67%
91 + 385 476
67%
77 + 401 478
67%
47 + 433 480
67%
9 + 478 487
67%
46 + 454 500
67%
39 + 467 506
67%
93 + 414 507
67%
47 + 464 511
67%
92 + 419 511
67%
62 + 463 525
67%
165 + 360 525
67%
193 + 333 526
67%
195 + 331 526
67%
6 + 522 528
67%
43 + 486 529
67%
8 + 45 53
67%
32 + 498 530
67%
17 + 514 531
67%
27 + 504 531
67%
60 + 471 531
67%
125 + 409 534
67%
79 + 456 535
67%
182 + 354 536
67%
1 + 537 538
67%
118 + 420 538
67%
26 + 513 539
67%
170 + 370 540
67%
2 + 539 541
67%
84 + 457 541
67%
150 + 394 544
67%
88 + 457 545
67%
271 + 281 552
67%
113 + 441 554
67%
248 + 306 554
67%
170 + 385 555
67%
14 + 543 557
67%
61 + 497 558
67%
2 + 557 559
67%
28 + 531 559
67%
75 + 485 560
67%
40 + 522 562
67%
144 + 420 564
67%
6 + 559 565
67%
69 + 496 565
67%
220 + 345 565
67%
5 + 561 566
67%
271 + 297 568
67%
1 + 569 570
67%
28 + 544 572
67%
43 + 531 574
67%
194 + 380 574
67%
39 + 539 578
67%
23 + 557 580
67%
22 + 559 581
67%
208 + 375 583
67%
261 + 322 583
67%
115 + 469 584
67%
136 + 450 586
67%
270 + 318 588
67%
110 + 483 593
67%
78 + 517 595
67%
14 + 585 599
67%
8 + 67 75
67%
1 + 81 82
67%
2 + 89 91
67%
34 + 58 92
67%
21 + 77 98
67%
44 + 73 117
64%
45 + 89 134
64%
88 + 156 244
64%
85 + 183 268
64%
38 + 239 277
64%
149 + 152 301
64%
154 + 167 321
64%
43 + 334 377
64%
175 + 229 404
64%
140 + 296 436
64%
94 + 478 572
64%
3 + 117 120
63%
42 + 88 130
63%
45 + 110 155
63%
2 + 196 198
63%
94 + 126 220
63%
87 + 152 239
63%
18 + 229 247
63%
42 + 225 267
63%
96 + 183 279
63%
98 + 192 290
63%
79 + 224 303
63%
21 + 285 306
63%
31 + 299 330
63%
68 + 268 336
63%
11 + 329 340
63%
53 + 295 348
63%
160 + 193 353
63%
32 + 328 360
63%
14 + 348 362
63%
134 + 228 362
63%
59 + 314 373
63%
45 + 338 383
63%
66 + 348 414
63%
21 + 413 434
63%
183 + 298 481
63%
104 + 379 483
63%
18 + 467 485
63%
45 + 443 488
63%
149 + 390 539
63%
73 + 468 541
63%
56 + 488 544
63%
58 + 491 549
63%
119 + 434 553
63%
77 + 497 574
63%
86 + 489 575
63%
89 + 492 581
63%
71 + 512 583
63%
8 + 581 589
63%
248 + 351 599
63%
9 + 110 119
62%
46 + 67 113
60%
65 + 78 143
60%
63 + 146 209
60%
74 + 154 228
60%
17 + 214 231
60%
14 + 231 245
60%
90 + 159 249
60%
14 + 249 263
60%
49 + 214 263
60%
26 + 244 270
60%
14 + 266 280
60%
6 + 278 284
60%
31 + 255 286
60%
11 + 277 288
60%
11 + 287 298
60%
116 + 182 298
60%
71 + 229 300
60%
2 + 300 302
60%
69 + 234 303
60%
38 + 274 312
60%
28 + 290 318
60%
49 + 272 321
60%
7 + 315 322
60%
27 + 298 325
60%
87 + 238 325
60%
10 + 318 328
60%
38 + 298 336
60%
52 + 285 337
60%
45 + 295 340
60%
112 + 231 343
60%
80 + 266 346
60%
37 + 315 352
60%
5 + 350 355
60%
36 + 326 362
60%
154 + 214 368
60%
124 + 245 369
60%
91 + 286 377
60%
37 + 366 403
60%
27 + 384 411
60%
78 + 334 412
60%
120 + 292 412
60%
192 + 223 415
60%
29 + 387 416
60%
82 + 338 420
60%
165 + 255 420
60%
37 + 385 422
60%
93 + 332 425
60%
49 + 385 434
60%
16 + 419 435
60%
14 + 425 439
60%
16 + 423 439
60%
33 + 415 448
60%
31 + 423 454
60%
4 + 454 458
60%
93 + 368 461
60%
68 + 394 462
60%
95 + 378 473
60%
187 + 289 476
60%
10 + 467 477
60%
49 + 435 484
60%
72 + 412 484
60%
12 + 480 492
60%
43 + 449 492
60%
55 + 446 501
60%
24 + 480 504
60%
68 + 438 506
60%
16 + 494 510
60%
20 + 498 518
60%
77 + 444 521
60%
46 + 481 527
60%
49 + 479 528
60%
99 + 432 531
60%
196 + 343 539
60%
163 + 377 540
60%
123 + 423 546
60%
3 + 52 55
60%
95 + 455 550
60%
78 + 477 555
60%
183 + 380 563
60%
104 + 461 565
60%
88 + 480 568
60%
113 + 458 571
60%
7 + 565 572
60%
26 + 555 581
60%
92 + 489 581
60%
242 + 339 581
60%
58 + 526 584
60%
67 + 519 586
60%
17 + 573 590
60%
153 + 438 591
60%
5 + 69 74
60%
63 + 439 502
58%
39 + 74 113
57%
5 + 176 181
57%
48 + 135 183
57%
48 + 145 193
57%
84 + 109 193
57%
19 + 199 218
57%
43 + 176 219
57%
44 + 179 223
57%
80 + 155 235
57%
83 + 176 259
57%
69 + 197 266
57%
25 + 252 277
57%
129 + 194 323
57%
47 + 289 336
57%
34 + 323 357
57%
119 + 243 362
57%
45 + 329 374
57%
38 + 349 387
57%
83 + 319 402
57%
16 + 387 403
57%
54 + 353 407
57%
116 + 294 410
57%
177 + 239 416
57%
150 + 268 418
57%
74 + 360 434
57%
155 + 288 443
57%
197 + 268 465
57%
9 + 457 466
57%
129 + 337 466
57%
17 + 458 475
57%
35 + 447 482
57%
26 + 468 494
57%
29 + 472 501
57%
175 + 333 508
57%
141 + 368 509
57%
167 + 352 519
57%
59 + 472 531
57%
147 + 418 565
57%
129 + 462 591
57%
10 + 79 89
57%
19 + 82 101
56%
52 + 136 188
56%
57 + 149 206
56%
17 + 191 208
56%
8 + 207 215
56%
29 + 277 306
56%
61 + 246 307
56%
54 + 285 339
56%
91 + 257 348
56%
156 + 253 409
56%
26 + 395 421
56%
59 + 412 471
56%
89 + 397 486
56%
114 + 387 501
56%
74 + 432 506
56%
181 + 341 522
56%
184 + 350 534
56%
81 + 454 535
56%
51 + 485 536
56%
68 + 324 392
55%
105 + 419 524
55%
1 + 105 106
50%
17 + 117 134
50%
49 + 86 135
50%
57 + 95 152
50%
18 + 154 172
50%
42 + 141 183
50%
4 + 189 193
50%
33 + 169 202
50%
66 + 139 205
50%
18 + 190 208
50%
58 + 159 217
50%
1 + 220 221
50%
24 + 199 223
50%
89 + 141 230
50%
34 + 197 231
50%
23 + 212 235
50%
19 + 232 251
50%
19 + 244 263
50%
69 + 207 276
50%
47 + 231 278
50%
26 + 258 284
50%
59 + 230 289
50%
14 + 280 294
50%
13 + 283 296
50%
75 + 224 299
50%
52 + 249 301
50%
118 + 186 304
50%
127 + 179 306
50%
9 + 301 310
50%
43 + 269 312
50%
23 + 290 313
50%
77 + 236 313
50%
36 + 281 317
50%
41 + 277 318
50%
82 + 239 321
50%
48 + 275 323
50%
39 + 288 327
50%
78 + 251 329
50%
91 + 248 339
50%
129 + 217 346
50%
25 + 325 350
50%
15 + 341 356
50%
131 + 229 360
50%
46 + 315 361
50%
4 + 360 364
50%
74 + 295 369
50%
176 + 195 371
50%
125 + 252 377
50%
5 + 379 384
50%
6 + 379 385
50%
48 + 342 390
50%
44 + 348 392
50%
57 + 341 398
50%
138 + 260 398
50%
16 + 388 404
50%
29 + 375 404
50%
124 + 282 406
50%
15 + 393 408
50%
93 + 316 409
50%
65 + 354 419
50%
168 + 257 425
50%
22 + 404 426
50%
34 + 395 429
50%
164 + 267 431
50%
161 + 271 432
50%
134 + 299 433
50%
135 + 308 443
50%
39 + 406 445
50%
96 + 352 448
50%
182 + 268 450
50%
18 + 433 451
50%
13 + 440 453
50%
86 + 369 455
50%
13 + 443 456
50%
23 + 434 457
50%
131 + 332 463
50%
124 + 341 465
50%
149 + 317 466
50%
84 + 386 470
50%
37 + 437 474
50%
67 + 415 482
50%
97 + 387 484
50%
162 + 323 485
50%
9 + 477 486
50%
95 + 391 486
50%
24 + 463 487
50%
26 + 471 497
50%
69 + 430 499
50%
38 + 462 500
50%
237 + 264 501
50%
76 + 427 503
50%
85 + 418 503
50%
31 + 479 510
50%
147 + 363 510
50%
19 + 493 512
50%
25 + 487 512
50%
152 + 362 514
50%
235 + 279 514
50%
150 + 366 516
50%
133 + 391 524
50%
217 + 308 525
50%
85 + 441 526
50%
4 + 523 527
50%
39 + 494 533
50%
74 + 459 533
50%
84 + 449 533
50%
66 + 468 534
50%
67 + 469 536
50%
91 + 449 540
50%
85 + 460 545
50%
51 + 498 549
50%
257 + 292 549
50%
83 + 469 552
50%
178 + 374 552
50%
46 + 512 558
50%
87 + 471 558
50%
121 + 440 561
50%
10 + 555 565
50%
248 + 319 567
50%
168 + 402 570
50%
144 + 427 571
50%
149 + 422 571
50%
229 + 344 573
50%
51 + 523 574
50%
54 + 539 593
50%
87 + 509 596
50%
126 + 472 598
50%
32 + 567 599
50%
25 + 38 63
50%
29 + 49 78
50%
8 + 79 87
50%
5 + 84 89
50%
151 + 171 322
45%
81 + 478 559
45%
49 + 159 208
44%
59 + 279 338
44%
77 + 265 342
44%
22 + 385 407
44%
89 + 330 419
44%
164 + 349 513
44%
76 + 489 565
44%
28 + 569 597
44%
12 + 93 105
43%
70 + 243 313
43%
79 + 258 337
43%
54 + 286 340
43%
92 + 249 341
43%
76 + 385 461
43%
21 + 484 505
43%
58 + 463 521
43%
52 + 484 536
43%
96 + 482 578
43%
162 + 420 582
43%
39 + 213 252
40%
86 + 172 258
40%
18 + 256 274
40%
97 + 186 283
40%
18 + 267 285
40%
117 + 186 303
40%
160 + 172 332
40%
38 + 339 377
40%
118 + 286 404
40%
37 + 369 406
40%
137 + 269 406
40%
24 + 386 410
40%
39 + 392 431
40%
71 + 363 434
40%
197 + 244 441
40%
180 + 266 446
40%
169 + 282 451
40%
28 + 428 456
40%
169 + 295 464
40%
143 + 342 485
40%
116 + 389 505
40%
249 + 258 507
40%
172 + 337 509
40%
89 + 424 513
40%
242 + 284 526
40%
177 + 376 553
40%
82 + 472 554
40%
89 + 475 564
40%
7 + 576 583
40%
169 + 417 586
40%
47 + 146 193
38%
197 + 280 477
38%
59 + 439 498
38%
143 + 437 580
38%
57 + 196 253
36%
31 + 497 528
36%
59 + 135 194
33%
19 + 183 202
33%
43 + 168 211
33%
72 + 154 226
33%
23 + 205 228
33%
36 + 195 231
33%
19 + 221 240
33%
63 + 177 240
33%
17 + 248 265
33%
88 + 179 267
33%
66 + 251 317
33%
58 + 265 323
33%
158 + 167 325
33%
24 + 349 373
33%
159 + 243 402
33%
52 + 366 418
33%
55 + 375 430
33%
153 + 285 438
33%
61 + 378 439
33%
64 + 389 453
33%
112 + 347 459
33%
32 + 432 464
33%
98 + 370 468
33%
43 + 426 469
33%
36 + 438 474
33%
19 + 459 478
33%
29 + 474 503
33%
148 + 355 503
33%
70 + 439 509
33%
140 + 392 532
33%
159 + 373 532
33%
139 + 394 533
33%
67 + 468 535
33%
68 + 468 536
33%
79 + 472 551
33%
7 + 547 554
33%
272 + 288 560
33%
24 + 556 580
33%
18 + 573 591
33%
29 + 567 596
33%
78 + 357 435
30%
167 + 192 359
29%
163 + 283 446
29%
179 + 289 468
29%
158 + 376 534
29%
189 + 356 545
29%
71 + 486 557
29%
39 + 224 263
25%
13 + 268 281
25%
16 + 353 369
25%
42 + 381 423
25%
198 + 233 431
25%
87 + 349 436
25%
66 + 386 452
25%
83 + 384 467
25%
167 + 343 510
25%
19 + 574 593
25%
88 + 388 476
22%
89 + 454 543
22%
41 + 157 198
20%
91 + 143 234
20%
67 + 299 366
20%
48 + 436 484
20%
55 + 481 536
20%
78 + 91 169
17%
166 + 186 352
17%
192 + 373 565
17%
17 + 114 131
0%
54 + 79 133
0%
46 + 134 180
0%
9 + 173 182
0%
43 + 144 187
0%
43 + 216 259
0%
51 + 209 260
0%
63 + 232 295
0%
91 + 264 355
0%
149 + 206 355
0%
68 + 288 356
0%
8 + 358 366
0%
43 + 324 367
0%
133 + 243 376
0%
99 + 290 389
0%
12 + 405 417
0%
46 + 376 422
0%
84 + 348 432
0%
3 + 436 439
0%
31 + 422 453
0%
62 + 396 458
0%
78 + 433 511
0%
86 + 427 513
0%
87 + 431 518
0%
32 + 487 519
0%
138 + 388 526
0%
15 + 522 537
0%
177 + 374 551
0%
93 + 462 555
0%
21 + 551 572
0%
7 + 572 579
0%
259 + 324 583
0%
79 + 514 593
0%
3 + 85 88
0%
Ehtoja vastaavia visoja ei löytynyt
Tulosjakauma
Jokaisen tuloksen saaneiden osuus
Persentiili vastausten määrän mukaan
Tuloshistoriasi
Et ole pelannut tätä visaa